| 000 -LEADER |
| fixed length control field |
01257nam a22003137a 4500 |
| 008 - FIXED-LENGTH DATA ELEMENTS--GENERAL INFORMATION |
| fixed length control field |
250527b xxu||||| |||| 00| 0 eng d |
| 040 ## - CATALOGING SOURCE |
| Original cataloging agency |
Cagayan State University |
| Description conventions |
RDA |
| 050 ## - LIBRARY OF CONGRESS CALL NUMBER |
| Classification number |
791.4372 |
| Item number |
T3747 2024 |
| 245 ## - TITLE STATEMENT |
| Title |
The union / directed by Julian Farino ; story by David Guggenheim ; produced by Mark Wahlberg, Stephen Levinson, Jeff Waxman. |
| 260 ## - PUBLICATION, DISTRIBUTION, ETC. (IMPRINT) |
| Place of publication, distribution, etc |
United States, |
| Name of publisher, distributor, etc |
Netflix, |
| Date of publication, distribution, etc |
2024. |
| 300 ## - PHYSICAL DESCRIPTION |
| Extent |
1 videofile, (ca. 147 mins.) |
| Other physical details |
sound, color. |
| 520 ## - SUMMARY, ETC. |
| Summary, etc |
Construction worker Mike is thrust into the world of espionage when his high school sweetheart, Roxanne, recruits him for a high-stakes intelligence mission. |
| 521 ## - TARGET AUDIENCE NOTE |
| Target audience note |
Rated PG-13 for sequences of strong violence, suggestive material and some strong language. |
| 546 ## - LANGUAGE NOTE |
| Language note |
In English subtitle. |
| 650 ## - SUBJECT ADDED ENTRY--TOPICAL TERM |
| Topical term or geographic name as entry element |
Action. |
| 650 ## - SUBJECT ADDED ENTRY--TOPICAL TERM |
| Topical term or geographic name as entry element |
Comedy. |
| 650 ## - SUBJECT ADDED ENTRY--TOPICAL TERM |
| Topical term or geographic name as entry element |
Drama. |
| 700 ## - ADDED ENTRY--PERSONAL NAME |
| Personal name |
Wahlberg, Mark, star. |
| 700 ## - ADDED ENTRY--PERSONAL NAME |
| Personal name |
Berry, Halle, star. |
| 700 ## - ADDED ENTRY--PERSONAL NAME |
| Personal name |
Colter, Mike, star. |
| 700 ## - ADDED ENTRY--PERSONAL NAME |
| Personal name |
Akinnuoye-Agbaje, Adewale, star. |
| 700 ## - ADDED ENTRY--PERSONAL NAME |
| Personal name |
De Gouw, Jessica, star. |
| 700 ## - ADDED ENTRY--PERSONAL NAME |
| Personal name |
Lee, Alice, star. |
| 700 ## - ADDED ENTRY--PERSONAL NAME |
| Personal name |
Haley, Jackie Earle, star. |
| 700 ## - ADDED ENTRY--PERSONAL NAME |
| Personal name |
Simmons, J.K., star. |
| 700 ## - ADDED ENTRY--PERSONAL NAME |
| Personal name |
Stewart, Alan, cinematographer. |
| 700 ## - ADDED ENTRY--PERSONAL NAME |
| Personal name |
Di Ciaula, Pia, editor. |
| 942 ## - ADDED ENTRY ELEMENTS (KOHA) |
| Source of classification or shelving scheme |
|
| Item type |
Audio-Visual Materials |